<?xml version="1.0" encoding="UTF-8"?>
<record
    xmlns:xsi="http://www.w3.org/2001/XMLSchema-instance"
    xsi:schemaLocation="http://www.loc.gov/MARC21/slim http://www.loc.gov/standards/marcxml/schema/MARC21slim.xsd"
    xmlns="http://www.loc.gov/MARC21/slim">

  <leader>00685nam a22001577a 4500</leader>
  <controlfield tag="003">OSt</controlfield>
  <controlfield tag="005">20151027170842.0</controlfield>
  <controlfield tag="008">151027b        xxu||||| |||| 00| 0 eng d</controlfield>
  <datafield tag="040" ind1=" " ind2=" ">
    <subfield code="c">RUA </subfield>
  </datafield>
  <datafield tag="082" ind1=" " ind2=" ">
    <subfield code="a">VTF KHI 2009 B112 Or.1</subfield>
  </datafield>
  <datafield tag="100" ind1=" " ind2=" ">
    <subfield code="9">2995</subfield>
    <subfield code="a">KHIEV MONORM</subfield>
  </datafield>
  <datafield tag="245" ind1=" " ind2=" ">
    <subfield code="a">E`tude de l'importance de la fasciolose chez les bovins dans le district de samrong tong, province de kompong speu, (&#x1780;&#x17B6;&#x179A;&#x179F;&#x17B7;&#x1780;&#x17D2;&#x179F;&#x17B6;&#x17A2;&#x17C6;&#x1796;&#x17B8;&#x1787;&#x17C6;&#x1784;&#x17BA;&#x17A0;&#x17D2;&#x179C;&#x17B6;&#x179F;&#x17D2;&#x1799;&#x17BC;&#x17A1;&#x17B6;&#x179B;&#x17BE;&#x179F;&#x178F;&#x17D2;&#x179C;&#x1782;&#x17C4;&#x1780;&#x17D2;&#x1793;&#x17BB;&#x1784; &#x179F;&#x17D2;&#x179A;&#x17BB;&#x1780;&#x179F;&#x17C6;&#x179A;&#x17C4;&#x1784;&#x1791;&#x1784; &#x1781;&#x17C1;&#x178F;&#x17D2;&#x178F;&#x1780;&#x17C6;&#x1796;&#x1784;&#x17CB;&#x179F;&#x17D2;&#x1796;&#x17BA;)</subfield>
  </datafield>
  <datafield tag="260" ind1=" " ind2=" ">
    <subfield code="a">Phnom penh </subfield>
    <subfield code="b">Rua </subfield>
    <subfield code="c">2009</subfield>
  </datafield>
  <datafield tag="300" ind1=" " ind2=" ">
    <subfield code="a">vi; 32p.</subfield>
    <subfield code="b">ill.</subfield>
    <subfield code="c">29cm.</subfield>
  </datafield>
  <datafield tag="942" ind1=" " ind2=" ">
    <subfield code="2">ddc</subfield>
    <subfield code="c">VTF`</subfield>
  </datafield>
  <datafield tag="999" ind1=" " ind2=" ">
    <subfield code="c">2810</subfield>
    <subfield code="d">2810</subfield>
  </datafield>
  <datafield tag="952" ind1=" " ind2=" ">
    <subfield code="0">0</subfield>
    <subfield code="1">0</subfield>
    <subfield code="2">ddc</subfield>
    <subfield code="4">0</subfield>
    <subfield code="6">VTF_KHI_2009_000000000000000_B112_OR_1</subfield>
    <subfield code="7">0</subfield>
    <subfield code="9">13512</subfield>
    <subfield code="a">LBB</subfield>
    <subfield code="b">LBB</subfield>
    <subfield code="c">B112</subfield>
    <subfield code="d">2015-10-27</subfield>
    <subfield code="o">VTF KHI 2009 B112 Or.1</subfield>
    <subfield code="p">RUA006096</subfield>
    <subfield code="r">2015-10-27</subfield>
    <subfield code="w">2015-10-27</subfield>
    <subfield code="y">VTF`</subfield>
  </datafield>
  <datafield tag="952" ind1=" " ind2=" ">
    <subfield code="0">0</subfield>
    <subfield code="1">0</subfield>
    <subfield code="2">ddc</subfield>
    <subfield code="4">0</subfield>
    <subfield code="6">VTF_KHI_2009_000000000000000_B112_OR_2</subfield>
    <subfield code="7">0</subfield>
    <subfield code="9">13513</subfield>
    <subfield code="a">LBB</subfield>
    <subfield code="b">LBB</subfield>
    <subfield code="c">B112</subfield>
    <subfield code="d">2015-10-27</subfield>
    <subfield code="l">1</subfield>
    <subfield code="o">VTF KHI 2009 B112 Or.2</subfield>
    <subfield code="p">RUA006829</subfield>
    <subfield code="r">2016-08-14</subfield>
    <subfield code="s">2016-07-31</subfield>
    <subfield code="w">2015-10-27</subfield>
    <subfield code="y">VTF`</subfield>
  </datafield>
  <datafield tag="952" ind1=" " ind2=" ">
    <subfield code="0">0</subfield>
    <subfield code="1">0</subfield>
    <subfield code="2">ddc</subfield>
    <subfield code="4">0</subfield>
    <subfield code="6">VTF_KHI_2009_000000000000000_B112_OR_3</subfield>
    <subfield code="7">0</subfield>
    <subfield code="9">13514</subfield>
    <subfield code="a">LBB</subfield>
    <subfield code="b">LBB</subfield>
    <subfield code="c">B112</subfield>
    <subfield code="d">2015-10-27</subfield>
    <subfield code="o">VTF KHI 2009 B112 Or.3</subfield>
    <subfield code="p">RUA006379</subfield>
    <subfield code="r">2015-10-27</subfield>
    <subfield code="w">2015-10-27</subfield>
    <subfield code="y">VTF`</subfield>
  </datafield>
  <datafield tag="952" ind1=" " ind2=" ">
    <subfield code="0">0</subfield>
    <subfield code="1">0</subfield>
    <subfield code="2">ddc</subfield>
    <subfield code="4">0</subfield>
    <subfield code="6">VTF_KHI_2009_000000000000000_B112_OR_4</subfield>
    <subfield code="7">0</subfield>
    <subfield code="9">13515</subfield>
    <subfield code="a">LBB</subfield>
    <subfield code="b">LBB</subfield>
    <subfield code="c">B112</subfield>
    <subfield code="d">2015-10-27</subfield>
    <subfield code="o">VTF KHI 2009 B112 Or.4</subfield>
    <subfield code="p">RUA006610</subfield>
    <subfield code="r">2015-10-27</subfield>
    <subfield code="w">2015-10-27</subfield>
    <subfield code="y">VTF`</subfield>
  </datafield>
  <datafield tag="952" ind1=" " ind2=" ">
    <subfield code="0">0</subfield>
    <subfield code="1">0</subfield>
    <subfield code="2">ddc</subfield>
    <subfield code="4">0</subfield>
    <subfield code="6">VTF_KHI_2009_000000000000000_B112_OR_5</subfield>
    <subfield code="7">0</subfield>
    <subfield code="9">13516</subfield>
    <subfield code="a">LBB</subfield>
    <subfield code="b">LBB</subfield>
    <subfield code="c">B112</subfield>
    <subfield code="d">2015-10-27</subfield>
    <subfield code="o">VTF KHI 2009 B112 Or.5</subfield>
    <subfield code="p">RUA006657</subfield>
    <subfield code="r">2015-10-27</subfield>
    <subfield code="w">2015-10-27</subfield>
    <subfield code="y">VTF`</subfield>
  </datafield>
  <datafield tag="952" ind1=" " ind2=" ">
    <subfield code="0">0</subfield>
    <subfield code="1">0</subfield>
    <subfield code="2">ddc</subfield>
    <subfield code="4">0</subfield>
    <subfield code="6">VTF_KHI_2009_000000000000000_B112_OR_6</subfield>
    <subfield code="7">0</subfield>
    <subfield code="9">13517</subfield>
    <subfield code="a">LBB</subfield>
    <subfield code="b">LBB</subfield>
    <subfield code="c">B112</subfield>
    <subfield code="d">2015-10-27</subfield>
    <subfield code="o">VTF KHI 2009 B112 Or.6</subfield>
    <subfield code="p">RUA020673</subfield>
    <subfield code="r">2015-10-27</subfield>
    <subfield code="w">2015-10-27</subfield>
    <subfield code="y">VTF`</subfield>
  </datafield>
  <datafield tag="952" ind1=" " ind2=" ">
    <subfield code="0">0</subfield>
    <subfield code="1">0</subfield>
    <subfield code="2">ddc</subfield>
    <subfield code="4">0</subfield>
    <subfield code="6">VTF_KHI_2009_000000000000000_B112_OR_7</subfield>
    <subfield code="7">0</subfield>
    <subfield code="9">13518</subfield>
    <subfield code="a">LBB</subfield>
    <subfield code="b">LBB</subfield>
    <subfield code="c">B112</subfield>
    <subfield code="d">2015-10-27</subfield>
    <subfield code="o">VTF KHI 2009 B112 Or.7</subfield>
    <subfield code="p">RUA006957</subfield>
    <subfield code="r">2015-10-27</subfield>
    <subfield code="w">2015-10-27</subfield>
    <subfield code="y">VTF`</subfield>
  </datafield>
  <datafield tag="952" ind1=" " ind2=" ">
    <subfield code="0">0</subfield>
    <subfield code="1">0</subfield>
    <subfield code="2">ddc</subfield>
    <subfield code="4">0</subfield>
    <subfield code="6">VTF_KHI_2009_000000000000000_B112_OR_8</subfield>
    <subfield code="7">0</subfield>
    <subfield code="9">13519</subfield>
    <subfield code="a">LBB</subfield>
    <subfield code="b">LBB</subfield>
    <subfield code="c">B112</subfield>
    <subfield code="d">2015-10-27</subfield>
    <subfield code="o">VTF KHI 2009 B112 Or.8</subfield>
    <subfield code="p">RUA009642</subfield>
    <subfield code="r">2015-10-27</subfield>
    <subfield code="w">2015-10-27</subfield>
    <subfield code="y">VTF`</subfield>
  </datafield>
</record>
